[Event "PRO League Group Stage"]
[Site "chess.com INT"]
[Date "2019.03.14"]
[Round "10"]
[White "Tari, Aryan"]
[Black "Tomczak, Jacek"]
[Result "0-1"]
[WhiteTitle "GM"]
[BlackTitle "GM"]
[WhiteElo "2625"]
[BlackElo "2631"]
[WhiteTeam "Norway Gnomes"]
[BlackTeam "Berlin Bears"]
[WhiteFideId "1510045"]
[BlackFideId "1124668"]
[EventDate "2019.01.08"]

1. e4 e6 2. d4 d5 3. exd5 exd5 4. Nf3 Bg4 5. Bd3 Bd6 6. O-O Ne7 7. Re1 Nc6 8. c3
Qd7 9. b4 O-O 10. Nbd2 Ng6 11. Qc2 Rae8 12. Bb2 Kh8 13. h3 Bxh3 14. gxh3 Qxh3
15. Bf5 Qh5 16. Bxg6 Qg4+ 17. Kf1 Qh3+ 18. Kg1 fxg6 19. Rxe8 Rxe8 20. Qd1 Qg4+
21. Kh1 Qh5+ 22. Kg2 Qg4+ 23. Kh1 Rf8 24. Qe2 Ne7 25. Ng1 Qh4+ 26. Kg2 g5 27.
Ndf3 Qf4 28. Ne5 Nf5 29. Re1 Nh4+ 30. Kh1 h6 31. Qe3 Qxf2 32. Qxf2 Rxf2 33. Re2
Rf1 34. Ng4 Nf3 35. Rg2 Bf4 36. a4 h5 37. Ne5 Nd2 38. Ng6+ Kh7 39. Nxf4 gxf4 40.
Kh2 Nc4 41. Nh3 f3 42. Rc2 h4 43. Bc1 Kg6 44. Nf4+ Kf5 45. Nd3 g5 46. Bxg5 Kxg5
47. Nf2 Ne3 48. Nh3+ Kf5 49. Rd2 Ng4# 0-1

[Event "PRO League Group Stage"]
[Site "chess.com INT"]
[Date "2019.03.14"]
[Round "10"]
[White "Braun, Arik"]
[Black "Christiansen, Johan-Sebastian"]
[Result "0-1"]
[WhiteTitle "GM"]
[BlackTitle "GM"]
[WhiteElo "2598"]
[BlackElo "2559"]
[WhiteTeam "Berlin Bears"]
[BlackTeam "Norway Gnomes"]
[WhiteFideId "4663527"]
[BlackFideId "1512668"]
[EventDate "2019.01.08"]

1. d4 d5 2. c4 dxc4 3. Nf3 a6 4. a4 Nc6 5. e3 e5 6. d5 Na5 7. Nc3 Bb4 8. Nd2
Bxc3 9. bxc3 Qxd5 10. e4 Qc6 11. Ba3 Be6 12. Bb4 Nb3 13. Nxb3 cxb3 14. Be2 Rd8
15. Qc1 Qxe4 16. f3 Qc2 17. Qxc2 bxc2 18. Kf2 Ne7 19. g4 Nc6 20. Rhc1 Bb3 21.
Bc5 Rd5 22. Be3 O-O 23. Ra3 Na5 24. c4 Rd1 25. c5 Rfd8 26. Raa1 Rxc1 27. Bxc1
Rd1 28. Ke3 Be6 29. Bd3 Nb3 30. Bxc2 Rxc1 31. Rxc1 Nxc1 0-1

[Event "PRO League Group Stage"]
[Site "chess.com INT"]
[Date "2019.03.14"]
[Round "10"]
[White "Hauge, Lars Oskar"]
[Black "Bezold, Michael"]
[Result "1/2-1/2"]
[WhiteTitle "IM"]
[BlackTitle "GM"]
[WhiteElo "2466"]
[BlackElo "2487"]
[WhiteTeam "Norway Gnomes"]
[BlackTeam "Berlin Bears"]
[WhiteFideId "1509276"]
[BlackFideId "4601718"]
[EventDate "2019.01.08"]

1. e4 d6 2. d4 Nf6 3. Nc3 c6 4. Nf3 Bg4 5. h3 Bh5 6. Be2 e6 7. O-O d5 8. exd5
Bxf3 9. Bxf3 cxd5 10. Ne2 Nc6 11. c3 Bd6 12. Nf4 O-O 13. Nd3 Rb8 14. a4 h6 15.
Re1 Nd7 16. Be3 a6 17. Qc1 Na5 18. Qc2 Nc4 19. Bf4 Bxf4 20. Nxf4 Rc8 21. Nd3 Qf6
22. Rac1 Rc7 23. Qd1 Rfc8 24. Qc2 Qg5 25. Qd1 Qd2 26. Rc2 Qxd1 27. Rxd1 Ncb6 28.
Ra1 a5 29. Bd1 Rc4 30. Rcc1 g6 31. Kf1 Kg7 32. Ke2 g5 33. Bb3 R4c7 34. Rf1 Nc4
35. f4 f6 36. Rae1 Rc6 37. Kd1 Rb6 38. Kc2 Rxb3 39. Kxb3 Nd2+ 40. Kc2 Nxf1 41.
Rxf1 b6 42. Kd2 Rc4 43. Re1 Kf7 44. b3 Rc8 45. g4 Nf8 46. f5 h5 47. Rf1 Nd7 48.
fxe6+ Kxe6 49. Rf5 hxg4 50. hxg4 Rh8 51. c4 dxc4 52. bxc4 Rh2+ 53. Nf2 Rg2 54.
Rf3 Rg1 55. Re3+ Kd6 56. Kc3 Ra1 57. Kb3 Rb1+ 58. Kc3 Rb4 59. Ne4+ Kc7 60. Rf3
Rxa4 61. Kb3 Rb4+ 62. Kc3 Ra4 63. Kb3 b5 64. cxb5 Rxd4 65. Nxf6 Nxf6 66. Rxf6
Rxg4 67. Ka3 Rb4 68. Rf5 g4 69. Rh5 Kb6 70. Rg5 Re4 71. Kb3 a4+ 72. Ka3 Ka5 73.
Ka2 Re2+ 74. Ka1 Rg2 75. Kb1 a3 76. Ka1 Kb6 77. Kb1 Rb2+ 78. Ka1 Rb4 79. Ka2 Ra4
80. Rf5 Rb4 81. Rg5 Ra4 82. Rf5 Ka5 83. Rg5 Rf4 84. Ka1 Re4 85. Ka2 Rf4 1/2-1/2

[Event "PRO League Group Stage"]
[Site "chess.com INT"]
[Date "2019.03.14"]
[Round "10"]
[White "Osmanodja, Filiz"]
[Black "Kaasen, Tor Fredrik"]
[Result "0-1"]
[WhiteTitle "WIM"]
[BlackTitle "IM"]
[WhiteElo "2318"]
[BlackElo "2409"]
[WhiteTeam "Berlin Bears"]
[BlackTeam "Norway Gnomes"]
[WhiteFideId "24633569"]
[BlackFideId "1516647"]
[EventDate "2019.01.08"]

1. e4 c5 2. Nc3 a6 3. Nf3 d6 4. d4 cxd4 5. Nxd4 Nf6 6. Be3 e6 7. Be2 Be7 8. O-O
O-O 9. f4 Qc7 10. Kh1 Nc6 11. Qe1 Nxd4 12. Bxd4 b5 13. a3 Bb7 14. Qg3 g6 15. Bd3
Nh5 16. Qf2 Nxf4 17. Qxf4 e5 18. Qh6 exd4 19. Nd5 Bxd5 20. exd5 f5 21. Rae1 Bf6
22. Re6 Be5 23. Qg5 Qg7 24. h4 Rae8 25. h5 Rxe6 26. dxe6 Re8 27. h6 Qe7 28. Rxf5
Qxg5 29. Rxg5 Rxe6 30. Be4 Kf8 31. Bd5 Rf6 32. Kg1 Bf4 33. Rg4 Bxh6 34. Re4 Be3+
35. Kh2 Rf2 36. Kg3 Rxc2 37. b3 Rc3 38. Kg4 d3 39. Rxe3 d2 40. Rf3+ Ke8 41. Rf1
Rc1 42. Bf7+ Ke7 43. Rf2 d1=Q+ 0-1

[Event "PRO League Group Stage"]
[Site "chess.com INT"]
[Date "2019.03.14"]
[Round "10"]
[White "Van Foreest, Jorden"]
[Black "Sebenik, Matej"]
[Result "1/2-1/2"]
[WhiteTitle "GM"]
[BlackTitle "GM"]
[WhiteElo "2612"]
[BlackElo "2540"]
[WhiteTeam "Amsterdam Mosquitoes"]
[BlackTeam "Ljubljana Turtles"]
[WhiteFideId "1039784"]
[BlackFideId "14602296"]
[EventDate "2019.01.08"]

1. e4 c5 2. Nf3 Nc6 3. Bb5 e6 4. d4 cxd4 5. Nxd4 Qb6 6. Nxc6 bxc6 7. Bd3 d5 8.
O-O Nf6 9. Nd2 Be7 10. b3 Ba6 11. Bb2 Bxd3 12. cxd3 O-O 13. Qc2 a5 14. Rac1 Rfc8
15. exd5 exd5 16. Rfe1 Qd8 17. Nf3 c5 18. Ne5 Bf8 19. h3 h6 20. Bc3 Nd7 21. Qd1
Nxe5 22. Rxe5 Qd7 23. Qf3 Rd8 24. d4 cxd4 25. Bxd4 a4 26. Bb6 Qd6 27. Bd4 axb3
28. axb3 Rab8 29. Re3 Qb4 30. Rd3 Qb5 31. g3 Rb7 32. Kg2 Qd7 33. Rcd1 Qe6 34. h4
Qe4 35. Re3 Qxf3+ 36. Rxf3 Rdb8 37. Be5 Rd8 38. Rfd3 Rb5 39. Rc1 f6 40. Bf4 h5
41. Rc6 Rd7 42. Rc8 Kf7 43. Rdc3 Rdb7 44. Rd3 Be7 45. Rcc3 Bb4 46. Rc1 Ba3 47.
Rb1 Ke6 48. Bd2 Bb4 49. Re1+ Kf7 50. Bxb4 Rxb4 51. Rxd5 Rxb3 52. Rxh5 Rb2 53.
Rf5 Re7 54. Ra1 Kg6 55. Rf4 Rbe2 56. Ra5 R2e5 57. Ra8 Re4 58. Rf3 Re8 59. Raa3
Re2 60. Rab3 R8e7 61. Rfd3 Rc2 62. Rd4 Ree2 63. Rg4+ Kh6 64. Rf4 Re7 65. Rb8 Kg6
66. Rh8 Rce2 67. h5+ Kf7 68. h6 gxh6 69. Rxh6 R2e6 70. Rg4 f5 71. Rgh4 Rxh6 72.
Rxh6 Re4 73. Kh3 Re2 74. f4 Re3 75. Kh4 Ra3 76. Rb6 Rc3 77. Kg5 Rxg3+ 78. Kxf5
Rf3 79. Rb7+ Kf8 80. Rb8+ Kf7 81. Rb7+ Kf8 82. Kg5 Ra3 83. Rb6 Rf3 84. f5 Kf7
85. Rb7+ Kg8 86. Kg6 Rg3+ 87. Kf6 Rf3 88. Ra7 Rf1 89. Ra8+ Kh7 90. Re8 Rf2 91.
Re5 Ra2 92. Kf7 Ra7+ 93. Re7 Ra8 94. f6 Kh6 95. Re8 Ra7+ 96. Re7 Ra8 97. Rd7 Kh7
98. Rc7 Kh6 99. Re7 Kh7 100. Rb7 Kh6 101. Ke6 Kg6 102. f7 Kg7 103. Rc7 Ra1 104.
Ke7 Re1+ 105. Kd8 Kf8 106. Rc5 Kxf7 1/2-1/2

[Event "PRO League Group Stage"]
[Site "chess.com INT"]
[Date "2019.03.14"]
[Round "10"]
[White "Pavasovic, Dusko"]
[Black "Klein, David"]
[Result "1-0"]
[WhiteTitle "GM"]
[BlackTitle "GM"]
[WhiteElo "2546"]
[BlackElo "2492"]
[WhiteTeam "Ljubljana Turtles"]
[BlackTeam "Amsterdam Mosquitoes"]
[WhiteFideId "14600986"]
[BlackFideId "1003623"]
[EventDate "2019.01.08"]

1. e4 e5 2. Nf3 Nc6 3. Bc4 Bc5 4. c3 Nf6 5. d3 d6 6. O-O h6 7. a4 a6 8. Re1 Ba7
9. a5 O-O 10. h3 Ne7 11. Nbd2 Ng6 12. Nf1 c6 13. Ba2 Re8 14. Be3 Bxe3 15. fxe3
Be6 16. Ng3 Bxa2 17. Rxa2 d5 18. Nd2 Qd7 19. Qf3 dxe4 20. Ngxe4 Nxe4 21. Nxe4
Qxd3 22. b4 Rf8 23. Rd2 Qc4 24. Rd7 f5 25. Qg3 Kh7 26. Rd6 Qf7 27. Nc5 Rad8 28.
Red1 Rxd6 29. Rxd6 Re8 30. Qf3 e4 31. Qh5 Re5 32. Rd7 Re7 33. Rxe7 Qxe7 34. Qxf5
Qd6 35. Ne6 Qd1+ 36. Kh2 Qd6+ 37. Nf4 Qf6 38. Qxe4 Qd6 39. Kg3 h5 40. h4 Kh6 41.
Qxg6+ Qxg6+ 42. Nxg6 Kxg6 43. Kf4 Kf6 44. e4 c5 45. e5+ Ke6 46. Ke4 cxb4 47.
cxb4 g6 48. g3 Ke7 49. Kd5 Kd7 50. e6+ Ke7 51. Ke5 1-0

[Event "PRO League Group Stage"]
[Site "chess.com INT"]
[Date "2019.03.14"]
[Round "10"]
[White "Admiraal, Miguoel"]
[Black "Skuhala, Jernej"]
[Result "0-1"]
[WhiteTitle "IM"]
[BlackTitle "FM"]
[WhiteElo "2478"]
[BlackElo "2277"]
[WhiteTeam "Amsterdam Mosquitoes"]
[BlackTeam "Ljubljana Turtles"]
[WhiteFideId "1019716"]
[BlackFideId "14605651"]
[EventDate "2019.01.08"]

1. e4 c6 2. d4 d5 3. exd5 cxd5 4. c3 Nc6 5. Nf3 Bg4 6. Bf4 e6 7. Nbd2 Bd6 8.
Bxd6 Qxd6 9. Qb3 Nge7 10. Bd3 O-O 11. O-O Bf5 12. Bxf5 Nxf5 13. Rfe1 b6 14. Ne5
Nxe5 15. Rxe5 Rac8 16. Rae1 h6 17. Nf3 Rc7 18. R5e2 Ne7 19. Ne5 Nc6 20. Qb5 Nxe5
21. Rxe5 Qc6 22. Qe2 b5 23. Qg4 a5 24. R1e3 Kh8 25. Rg3 f5 26. Qh5 b4 27. h4 Qd7
28. Rg6 Re8 29. Re3 bxc3 30. bxc3 Qf7 31. Reg3 Rb7 32. Qe2 f4 33. R3g4 Qf5 34.
Qa6 Rf7 35. Qc6 Ree7 36. f3 Kh7 37. Qa8 Ra7 38. Qe8 Rae7 39. Qa8 Ra7 40. Qc8 Rf6
41. Rxf6 Qxf6 42. Qb8 Rf7 43. a4 Qf5 44. Qe8 Qb1+ 45. Kh2 Qf5 46. Qd8 Rf6 47.
Qxa5 Rg6 48. Qb6 Rxg4 49. fxg4 Qxg4 50. Kg1 f3 51. Qb2 fxg2 52. Qxg2 Qd1+ 53.
Qf1 Qxa4 54. Qd3+ Kh8 55. Kg2 Qa2+ 56. Kg3 Qa7 57. Qe3 Qc7+ 58. Kg4 Qf7 59. Kg3
Qf5 60. Qc1 g5 61. hxg5 hxg5 62. Qh1+ Kg7 63. Qa1 Qf4+ 64. Kg2 Qd2+ 65. Kg3 Qf4+
66. Kg2 Kg6 67. Qa6 Qd2+ 68. Kg1 Qe1+ 69. Kg2 Qd2+ 70. Kg1 Qe3+ 71. Kg2 Kf5 72.
Qb7 Kg4 73. Qf7 Qe4+ 74. Kg1 Qe3+ 75. Kg2 Qg3+ 76. Kh1 Qf3+ 77. Qxf3+ Kxf3 78.
Kg1 Ke3 79. Kg2 Kd3 80. Kf3 Kxc3 81. Kg4 Kxd4 82. Kxg5 e5 83. Kg4 e4 84. Kg3 Ke3
85. Kg2 d4 86. Kf1 Kd2 87. Kf2 e3+ 88. Kf3 e2 0-1

[Event "PRO League Group Stage"]
[Site "chess.com INT"]
[Date "2019.03.14"]
[Round "10"]
[White "Vachier-Lagrave, Maxime"]
[Black "Alekseenko, Kirill"]
[Result "1-0"]
[WhiteTitle "GM"]
[BlackTitle "GM"]
[WhiteElo "2780"]
[BlackElo "2637"]
[WhiteTeam "Marseille Migraines"]
[BlackTeam "Baden-Baden Snowballs"]
[WhiteFideId "623539"]
[BlackFideId "4135539"]
[EventDate "2019.01.08"]

1. e4 c5 2. Nf3 Nc6 3. d4 cxd4 4. Nxd4 Nf6 5. Nc3 d6 6. f3 e5 7. Nb3 Be7 8. Be3
O-O 9. Qd2 a5 10. Bb5 Be6 11. O-O-O Na7 12. Bxa7 Rxa7 13. a4 Ra8 14. Kb1 Ne8 15.
Nd5 Bg5 16. Qd3 Nc7 17. Nxc7 Qxc7 18. Qxd6 Qxd6 19. Rxd6 Be7 20. Rd3 f5 21. Nd2
Bc5 22. Re1 Bf2 23. Re2 Bg1 24. Rd6 Bf7 25. exf5 Bxh2 26. Ne4 Bg1 27. Ng5 Rfd8
28. Nxf7 Kxf7 29. Bc4+ Kf8 30. Rxd8+ Rxd8 31. Rxe5 b6 32. c3 Rd2 33. g4 Bc5 34.
Re6 Rd6 35. Kc2 h6 36. Re4 Rd8 37. Bb5 Kf7 38. b4 axb4 39. cxb4 Bf2 40. Re6 Rc8+
41. Kb3 Bd4 42. Bc4 Kf8 43. Rd6 Bf2 44. f6 gxf6 45. Rxf6+ Kg7 46. Rf7+ Kg6 47.
Rf5 Rd8 48. a5 bxa5 49. bxa5 Rd1 50. a6 Rb1+ 51. Kc2 Ra1 52. Bd3 Kg7 53. Bb5 Ra5
54. Kb3 Ra1 55. Kc4 Rc1+ 56. Kd5 Rc5+ 57. Ke6 Rc7 58. Rd5 Rc1 59. Bd3 Ra1 60.
Rd7+ Kf8 61. Kf6 Bh4+ 62. Kg6 Ke8 63. Bb5 Rxa6+ 64. Rd6+ 1-0

[Event "PRO League Group Stage"]
[Site "chess.com INT"]
[Date "2019.03.14"]
[Round "10"]
[White "Donchenko, Alexander"]
[Black "Fressinet, Laurent"]
[Result "1-0"]
[WhiteTitle "GM"]
[BlackTitle "GM"]
[WhiteElo "2604"]
[BlackElo "2655"]
[WhiteTeam "Baden-Baden Snowballs"]
[BlackTeam "Marseille Migraines"]
[WhiteFideId "24603295"]
[BlackFideId "608742"]
[EventDate "2019.01.08"]

1. Nf3 g6 2. g3 Bg7 3. d4 Nf6 4. Bg2 O-O 5. c4 d6 6. Nc3 Nc6 7. O-O Bf5 8. d5
Na5 9. Nd2 c6 10. b4 Nxc4 11. Nxc4 Nxd5 12. Nxd5 Bxa1 13. Bh6 Bg7 14. Bxg7 Kxg7
15. Nde3 Be6 16. Qd2 d5 17. Na5 Bc8 18. b5 Qd6 19. bxc6 bxc6 20. Nxc6 e6 21. Ng4
f6 22. Na5 Rb8 23. Rc1 Bd7 24. Nb3 Rbc8 25. Rd1 Qc7 26. e4 e5 27. Qh6+ Kh8 28.
Ne3 d4 29. Nd5 Qd6 30. h4 Rf7 31. Qd2 Be6 32. f4 Bxd5 33. exd5 Rfc7 34. fxe5
fxe5 35. Be4 Rc3 36. Qg5 Re3 37. Nd2 Rcc3 38. Kh2 Re2+ 39. Kh1 Ree3 40. Kh2 Re2+
41. Kh1 Ree3 42. Rg1 Rc7 43. h5 gxh5 44. Qxh5 Rg7 45. Nc4 Qb4 46. Nxe3 dxe3 47.
Qe8+ Rg8 48. Qxe5+ Rg7 49. Rc1 Qf8 50. Rb1 e2 51. Bg2 Kg8 52. Qe6+ Kh8 53. Qxe2
Qd6 54. Qe8+ Rg8 55. Qe3 Qg6 56. Qe5+ Rg7 57. Rb8+ 1-0

[Event "PRO League Group Stage"]
[Site "chess.com INT"]
[Date "2019.03.14"]
[Round "10"]
[White "Moussard, Jules"]
[Black "Kollars, Dmitrij"]
[Result "1/2-1/2"]
[WhiteTitle "GM"]
[BlackTitle "GM"]
[WhiteElo "2605"]
[BlackElo "2562"]
[WhiteTeam "Marseille Migraines"]
[BlackTeam "Baden-Baden Snowballs"]
[WhiteFideId "642908"]
[BlackFideId "12909572"]
[EventDate "2019.01.08"]

1. Nf3 d5 2. g3 Bg4 3. Bg2 Nd7 4. d4 Ngf6 5. O-O e6 6. b3 Be7 7. Bb2 O-O 8. c4
c6 9. Nc3 a5 10. Qc2 Bf5 11. Qd1 h6 12. Nd2 Qb6 13. e3 Bd3 14. Re1 dxc4 15. Na4
Qa6 16. bxc4 Bxc4 17. Nxc4 Qxc4 18. e4 Qa6 19. d5 e5 20. d6 Bd8 21. Rc1 Qa7 22.
Qe2 b5 23. Nc3 Bb6 24. a4 b4 25. Nb1 Rac8 26. Nd2 Bd4 27. Bxd4 Qxd4 28. Nc4 Qa7
29. Bh3 Rcd8 30. Qe3 Qxe3 31. Rxe3 Ra8 32. f4 Rfe8 33. Nxe5 Nxe5 34. fxe5 Rxe5
35. Rxc6 Rd8 36. Kg2 Kf8 37. Kf3 Rh5 38. Bf1 Nd7 39. Ra6 Rc5 40. Bb5 Ne5+ 41.
Kg2 Rc2+ 42. Kh3 Rxh2+ 43. Kxh2 Ng4+ 44. Kg2 Nxe3+ 45. Kf3 Nc2 46. Bc4 b3 47.
Rb6 b2 48. Rxb2 Nd4+ 49. Ke3 Nc6 50. Rb6 Ne5 51. Bd5 f6 52. Ra6 h5 53. Rxa5 Rxd6
54. Ra8+ Ke7 55. a5 Nd7 56. Kd4 g5 57. Kc4 f5 58. Rh8 fxe4 59. Bxe4 Ne5+ 60. Kc5
Nd7+ 61. Kb5 Nf6 62. Bb7 Rd1 63. a6 Rb1+ 64. Kc5 Rc1+ 65. Kb6 Nd7+ 66. Kb5 Rb1+
67. Kc6 Rc1+ 68. Kd5 Rd1+ 69. Kc4 Rc1+ 70. Kd3 Nc5+ 71. Kd2 Ra1 72. Rxh5 Nxa6
73. Rxg5 Kf6 74. Rg8 Nc5 75. Bd5 Ke5 76. Rg5+ Kf6 77. Rg8 Ke5 78. Bc6 Ra6 79.
Bb5 Ra2+ 80. Kc3 Ne4+ 81. Kb4 Rb2+ 82. Ka5 Ra2+ 83. Kb6 Rg2 84. g4 Nf6 85. Rg5+
Kd4 86. Rg6 Nxg4 87. Bc6 Rg3 88. Kc7 Ke3 89. Bd7 Kf4 90. Kd8 Ne5 91. Rxg3 Kxg3
92. Be6 Nc6+ 93. Kd7 Ne7 94. Kxe7 1/2-1/2

[Event "PRO League Group Stage"]
[Site "chess.com INT"]
[Date "2019.03.14"]
[Round "10"]
[White "Cornette, Matthieu"]
[Black "Diaz Camallonga, Carles"]
[Result "1-0"]
[WhiteTitle "GM"]
[BlackTitle "IM"]
[WhiteElo "2587"]
[BlackElo "2432"]
[WhiteTeam "Cannes Blitzstreams"]
[BlackTeam "Barcelona Raptors"]
[WhiteFideId "620084"]
[BlackFideId "22235256"]
[EventDate "2019.01.08"]

1. c4 e6 2. g3 Nf6 3. Bg2 d5 4. Nf3 dxc4 5. O-O a6 6. Qc2 Bd6 7. Qxc4 b5 8. Qc2
Bb7 9. a4 Nbd7 10. Nc3 c6 11. d4 O-O 12. e4 e5 13. Rd1 Qc7 14. dxe5 Nxe5 15. Nd4
Rfd8 16. Bg5 Ned7 17. Nf5 Bc5 18. b4 Bxb4 19. Nd5 Nxd5 20. Bxd8 Rxd8 21. exd5 c5
22. axb5 axb5 23. Ne7+ Kh8 24. Nc6 Bxc6 25. dxc6 Nb6 26. Ra7 Qc8 27. Rxd8+ Qxd8
28. c7 Qe8 29. Qd1 1-0

[Event "PRO League Group Stage"]
[Site "chess.com INT"]
[Date "2019.03.14"]
[Round "10"]
[White "Alvarado Diaz, Alejandro"]
[Black "Libiszewski, Fabien"]
[Result "1/2-1/2"]
[WhiteTitle "IM"]
[BlackTitle "GM"]
[WhiteElo "2388"]
[BlackElo "2481"]
[WhiteTeam "Barcelona Raptors"]
[BlackTeam "Cannes Blitzstreams"]
[WhiteFideId "2276119"]
[BlackFideId "616834"]
[EventDate "2019.01.08"]

1. g3 g6 2. Bg2 Bg7 3. Nf3 Nf6 4. b3 d6 5. d4 c5 6. Bb2 cxd4 7. Nxd4 d5 8. O-O
O-O 9. c4 dxc4 10. Na3 cxb3 11. axb3 Ng4 12. Nc4 Ne5 13. Na5 Qb6 14. Qc2 Nbc6
15. Ndxc6 Nxc6 16. Bxg7 Kxg7 17. Nxc6 bxc6 18. Qxc6 Rb8 19. Qxb6 axb6 20. Ra7
Be6 21. b4 Kf6 22. e4 Rfd8 23. f4 Rd7 24. Rxd7 Bxd7 25. e5+ Kg7 26. Ra1 Rc8 27.
Bf1 Be6 28. Ra7 Rc1 29. Kf2 Bc4 30. Bxc4 Rxc4 31. Rxe7 Kf8 32. Rb7 Rxb4 33. e6
fxe6 34. Rxh7 Rb3 35. Kg2 Rb2+ 36. Kf3 Kg8 37. Rb7 Rxh2 38. Rxb6 Kf7 39. g4 Rh1
40. Rb7+ Kf8 41. Kg3 Rf1 42. Ra7 Rd1 43. Kh4 Rd5 44. Kg3 Rd3+ 45. Kh4 Rd5 46.
Rb7 Ra5 47. Rc7 1/2-1/2

[Event "PRO League Group Stage"]
[Site "chess.com INT"]
[Date "2019.03.14"]
[Round "10"]
[White "Bordi, Kevin"]
[Black "Herrera Reyes, Jose Antonio"]
[Result "1-0"]
[BlackTitle "FM"]
[WhiteElo "2288"]
[BlackElo "2324"]
[WhiteTeam "Cannes Blitzstreams"]
[BlackTeam "Barcelona Raptors"]
[WhiteFideId "621862"]
[BlackFideId "2274914"]
[EventDate "2019.01.08"]

1. d4 Nf6 2. Bg5 Ne4 3. Bh4 d5 4. f3 Nd6 5. Nc3 Nc6 6. e4 dxe4 7. fxe4 g6 8. h3
Bg7 9. Nf3 O-O 10. Qd2 f5 11. e5 Ne4 12. Bc4+ Kh8 13. Nxe4 fxe4 14. Ng5 Qxd4 15.
Qxd4 Nxd4 16. O-O-O Nf5 17. Nf7+ Rxf7 18. Bxf7 Bh6+ 19. Kb1 Kg7 20. Bb3 Nxh4 21.
Rd8 Nxg2 22. Rg8# 1-0

[Event "PRO League Group Stage"]
[Site "chess.com INT"]
[Date "2019.03.14"]
[Round "10"]
[White "Stevanic, David"]
[Black "Lopez, Jasel"]
[Result "0-1"]
[WhiteTitle "FM"]
[BlackTitle "FM"]
[WhiteElo "2304"]
[BlackElo "2388"]
[WhiteTeam "Ljubljana Turtles"]
[BlackTeam "Amsterdam Mosquitoes"]
[WhiteFideId "14613921"]
[BlackFideId "15900045"]
[EventDate "2019.01.08"]

1. e4 e6 2. d4 d5 3. Nc3 Bb4 4. e5 c5 5. a3 Bxc3+ 6. bxc3 Ne7 7. Qg4 Kf8 8. Bd3
Qa5 9. Bd2 Qa4 10. Ra2 Nbc6 11. Nf3 h6 12. h3 c4 13. Be2 Bd7 14. Nh4 Kg8 15. f4
Kh7 16. Qf3 Ng6 17. Nxg6 fxg6 18. h4 Rhf8 19. Qh3 b5 20. h5 gxh5 21. Qxh5 b4 22.
cxb4 Nxd4 23. Bd1 c3 24. Bxc3 Rxf4 25. Bxd4 Rxd4 26. c3 Re4+ 27. Kd2 Qb5 28. Be2
Qb6 29. Qf3 Bb5 30. Bxb5 Qxb5 31. Raa1 Rf8 32. Qh5 Rf2+ 33. Kc1 Qd3 34. Qd1
Qxc3+ 35. Kb1 Qb2# 0-1

[Event "PRO League Group Stage"]
[Site "chess.com INT"]
[Date "2019.03.14"]
[Round "10"]
[White "Vallejo Pons, Francisco"]
[Black "Lagarde, Maxime"]
[Result "1/2-1/2"]
[WhiteTitle "GM"]
[BlackTitle "GM"]
[WhiteElo "2698"]
[BlackElo "2604"]
[WhiteTeam "Barcelona Raptors"]
[BlackTeam "Cannes Blitzstreams"]
[WhiteFideId "2205530"]
[BlackFideId "662399"]
[EventDate "2019.01.08"]

1. d4 Nf6 2. c4 c5 3. d5 e6 4. Nc3 exd5 5. cxd5 d6 6. Nf3 g6 7. Bf4 Bg7 8. h3
O-O 9. e3 Na6 10. Bc4 Nc7 11. O-O Re8 12. a4 b6 13. Nb5 Nxb5 14. axb5 Ne4 15.
Ra2 g5 16. Bh2 g4 17. hxg4 Bxg4 18. Be2 Qd7 19. Nd2 Bxe2 20. Qxe2 Nxd2 21. Qxd2
Qxb5 22. Bxd6 Qb3 23. Ra3 Qxb2 24. Qd3 Rad8 25. Rb1 c4 26. Qd1 Qf6 27. Bc7 Rd7
28. Rxa7 Qf5 29. d6 c3 30. Ra2 Rc8 31. Qc2 Qxc2 32. Rxc2 Be5 33. Rbc1 b5 34. f4
Bxd6 35. Bxd6 Rxd6 36. Rxc3 Rd1+ 37. Rxd1 Rxc3 38. Rd8+ Kg7 39. Rb8 Rxe3 1/2-1/2

[Event "PRO League Group Stage"]
[Site "chess.com INT"]
[Date "2019.03.14"]
[Round "10"]
[White "Lagarde, Maxime"]
[Black "Tari, Aryan"]
[Result "1-0"]
[WhiteTitle "GM"]
[BlackTitle "GM"]
[WhiteElo "2604"]
[BlackElo "2625"]
[WhiteTeam "Cannes Blitzstreams"]
[BlackTeam "Norway Gnomes"]
[WhiteFideId "662399"]
[BlackFideId "1510045"]
[EventDate "2019.01.08"]

1. e4 e5 2. Nc3 Nf6 3. f4 d5 4. fxe5 Nxe4 5. Qf3 Nxc3 6. dxc3 c5 7. Bf4 Nc6 8.
O-O-O Be6 9. Bc4 Ne7 10. Bb5+ Bd7 11. Bxd7+ Qxd7 12. Ne2 O-O-O 13. Rhf1 Ng6 14.
Bg3 Be7 15. c4 d4 16. Nc3 Qe6 17. Nd5 Rhf8 18. Qf5 Bh4 19. Bxh4 Qxf5 20. Rxf5
Nxh4 21. Rh5 Ng6 22. Rxh7 Nxe5 23. b3 g6 24. a4 Rh8 25. Rxh8 Rxh8 26. h3 Kd7 27.
Re1 Kd6 28. Nf6 b6 29. Ne4+ Kc6 30. Nxc5 Nxc4 31. Nd3 Ne3 32. Re2 Kd5 33. Kd2
Rc8 34. c4+ Ke4 35. Rf2 g5 36. h4 f6 37. Rxf6 Nxg2 38. hxg5 Rg8 39. Nf2+ Ke5 40.
Ng4+ Ke4 41. Rf2 Rxg5 42. Rxg2 Kf3 43. Rg1 Rxg4 44. Rxg4 Kxg4 45. Kd3 Kf5 46.
Kxd4 Ke6 47. b4 Kd6 48. c5+ Kc7 49. Kd5 a6 50. a5 bxa5 51. bxa5 Kd7 52. c6+ Kc7
53. Kc5 Kc8 54. Kb6 Kb8 55. Kxa6 Ka8 56. Kb6 1-0

[Event "PRO League Group Stage"]
[Site "chess.com INT"]
[Date "2019.03.14"]
[Round "10"]
[White "Christiansen, Johan-Sebastian"]
[Black "Cornette, Matthieu"]
[Result "1/2-1/2"]
[WhiteTitle "GM"]
[BlackTitle "GM"]
[WhiteElo "2559"]
[BlackElo "2587"]
[WhiteTeam "Norway Gnomes"]
[BlackTeam "Cannes Blitzstreams"]
[WhiteFideId "1512668"]
[BlackFideId "620084"]
[EventDate "2019.01.08"]

1. Nf3 Nf6 2. g3 g6 3. Bg2 Bg7 4. c4 O-O 5. Nc3 d6 6. d4 Nc6 7. O-O e5 8. dxe5
dxe5 9. Bg5 Be6 10. Nd5 Bxd5 11. Bxf6 Qxf6 12. cxd5 Ne7 13. Nd2 Rfd8 14. Qb3 Qb6
15. e4 c6 16. Nc4 Qxb3 17. axb3 cxd5 18. exd5 Nf5 19. Rfd1 Nd6 20. Rac1 1/2-1/2

[Event "PRO League Group Stage"]
[Site "chess.com INT"]
[Date "2019.03.14"]
[Round "10"]
[White "Libiszewski, Fabien"]
[Black "Hauge, Lars Oskar"]
[Result "1/2-1/2"]
[WhiteTitle "GM"]
[BlackTitle "IM"]
[WhiteElo "2481"]
[BlackElo "2466"]
[WhiteTeam "Cannes Blitzstreams"]
[BlackTeam "Norway Gnomes"]
[WhiteFideId "616834"]
[BlackFideId "1509276"]
[EventDate "2019.01.08"]

1. b3 a5 2. e4 a4 3. b4 e6 4. Bb2 d5 5. exd5 exd5 6. Qe2+ Qe7 7. Nf3 Bg4 8.
Qxe7+ Nxe7 9. Nd4 Nbc6 10. Nxc6 Nxc6 11. a3 f6 12. Bb5 Bd7 13. Nc3 Nd4 14. Bxd7+
Kxd7 15. O-O-O c6 16. Rhe1 Nf5 17. g3 Bd6 18. h4 b5 19. Ne2 Be5 20. d3 Rae8 21.
c4 Re6 22. cxd5 cxd5 23. d4 Bd6 24. Nc3 Rxe1 25. Rxe1 Kc6 26. Nd1 Bc7 27. Kd2
Rd8 28. Kd3 Nd6 29. Re7 Nf5 30. Re2 Nd6 31. Re7 Nf5 32. Re2 Nd6 33. Re7 1/2-1/2